LIBRARY & INFORMATION CENTRE, KCAET, TAVANUR

ONLINE PUBLIC ACCESS CATALOGUE (OPAC)

Fluid Mechanics / (Record no. 1678)

MARC details
000 -LEADER
fixed length control field 00375cam a2200157ua 4500
020 ## - INTERNATIONAL STANDARD BOOK NUMBER
ISBN 9780070701403
082 ## - DEWEY DECIMAL CLASSIFICATION NUMBER
Classification number 532
Item number STR/FL
100 ## - MAIN ENTRY--AUTHOR NAME
Personal name Streeter, Victor.L .
245 ## - TITLE STATEMENT
Title Fluid Mechanics /
250 ## - EDITION STATEMENT
Edition statement 9
260 ## - PUBLICATION, DISTRIBUTION, ETC. (IMPRINT)
Place of publication New Delhi
Name of publisher Tata Mc Graw Hill Book Company ,
Year of publication 2012
300 ## - PHYSICAL DESCRIPTION
Number of Pages 740
700 1# - ADDED ENTRY--PERSONAL NAME
Personal name Wylie,Benjamin E.
700 1# - ADDED ENTRY--PERSONAL NAME
Personal name Bedford, Keith W
942 ## - ADDED ENTRY ELEMENTS (KOHA)
Koha item type Books
Holdings
Withdrawn status Lost status Damaged status Collection code Home library Current library Shelving location Date acquired Source of acquisition Full call number Accession Number Koha item type
      Non-fiction KAUAET KAUAET General Stacks 30/03/2013 Calicut Book Distributors 532 STR/FL 23676 Books
free website counter